000 00419nam a2200169Ia 4500
005 20250923144415.0
008 008 250917s9999 xx 000 0 eng d
037 _aTextual
040 _aDSWL
_beng
_cDSWL
041 _aeng
_2eng
084 _qDSWL
245 0 _aPlanning, problems of town, city and region
260 _aPhiladelphia
_c1932
300 _a160 p.
942 _cTEXL
999 _c1438463
_d1438463